[Event "XVIII Najdorf Open 2018"]
[Site "Warsaw"]
[Date "2018.07.15"]
[Round "8"]
[White "Murdzia, Piotr"]
[Black "Bus, Konrad"]
[Result "1/2-1/2"]
[WhiteElo "2410"]
[BlackElo "2257"]
[Annotator "TA"]
[PlyCount "90"]
[EventDate "2018.07.08"]
[EventCountry "POL"]
[SourceTitle "playchess.com"]
[Source "ChessBase"]
[SourceQuality "1"]

{[%evp 18,90,-23,-31,-3,-52,-25,-33,-6,-3,0,9,27,-2,28,0,15,12,69,-87,-106,-102,-67,-71,-66,-66,-35,-91,0,-114,-112,-135,-114,-228,-218,-212,-122,-532,-410,-418,-355,-345,-242,-235,-244,-232,-172,-195,-191,-211,-211,-202,-211,-212,-150,-138,-137,-129,-120,-137,-142,-143,-139,-137,-141,-165,-165,-164,-161,-190,-141,-140,-141,-141,0]} 1. e4 c6 2. d4 d5 3. Nc3 dxe4 4. Nxe4 Bf5 5. Ng3 Bg6 6. Bc4 e6 7. N1e2 Bd6 8. O-O Qc7 9. f4 {B18: Caro-Kann (Hauptvariante)} Ne7 10. Bd3 {LiveBook: 18 Partien} (10. Nc3 Nd7 11. Nce4 O-O-O 12. c3 c5 13. Be3 Nb6 14. Be2 Bxe4 15. Nxe4 Nf5 16. dxc5 Bxc5 17. Bxc5 Rxd1 18. Raxd1 {½-½ (58) Tatar Kis,S (2373)-Bakos,B (2412) Hungary 2017}) 10... O-O 11. Kh1 {Die Stellung ist ausgeglichen.} Nd7 {[%cal Bb8d7,Bd7b6,Bb6c4][%mdl 32]} 12. c4 c5 {[#]} 13. b4 $146 {[%mdl 512]} ({Vorgänger:} 13. Be3 Rad8 14. Bxg6 hxg6 15. Ne4 Nf5 16. Bg1 cxd4 17. Nxd6 Nxd6 18. b3 Nf5 19. Bxd4 Nc5 20. Be5 Qc6 21. Qc1 Nd3 22. Qc3 {0-1 (22) Chrzaszcz,M (2054)-Izzat,K (2112) Krakow 2011}) 13... b6 (13... cxb4 14. c5) 14. dxc5 bxc5 15. b5 a6 16. Ne4 Nb6 17. N2c3 Nf5 (17... Rfd8 $11) 18. bxa6 $2 (18. g4 $14 {bleibt weiter vorne.}) 18... Be7 $17 19. Nb5 Qc6 20. Qf3 $1 {Und weiter mit Sf6+! wäre nett.} Rfc8 21. a7 Nxc4 22. Rb1 (22. Bxc4 Nh4 $17) (22. Nec3 $1 $15 Qxf3 23. Rxf3) 22... Kh8 (22... Nh4 $17 23. Qe2 Nd6 24. Nbxd6 Bxd6 25. Nxd6 Bxd3 26. Nxc8 Rxc8) 23. Re1 ({Vergiftet wäre} 23. Bxc4 $2 Nh4 $19) (23. Nec3 $11 Qxf3 24. Rxf3) 23... Nd4 24. Nxd4 cxd4 25. Qf2 (25. Qe2 $17) 25... Rxa7 $19 26. Qxd4 {[#]} Rd7 (26... Ra4 $1 $19 27. Bc2 Rxa2) 27. Qc3 $2 {[%mdl 8192] [#]} (27. Qxc4 $17 {war die entscheidende Verteidigung.} Qxc4 28. Bxc4 Bxe4 29. Ba6) 27... Rxd3 $1 {[%mdl 512]} 28. Qxd3 Nd6 29. Qc3 Bxe4 30. Qxc6 Bxc6 (30... Rxc6 $2 {[#] ist das falsche Schlagen.} 31. Rxe4 $1 {[%mdl 512]} h6 32. Re2 $18) 31. Ba3 Nf5 32. Rec1 {Txc6! ist eine echte Drohung.} h5 33. Bxe7 Nxe7 34. a4 Ra8 ({Lieber nicht} 34... Bxa4 35. Rxc8+ Nxc8 36. Rb8 $11) 35. Rc5 Bd5 36. a5 Nc6 37. Ra1 Ra6 38. Kg1 g6 {Schwarz steht deutlich besser.} 39. Kf2 Kg7 40. g3 Kf6 41. Ke3 Ke7 42. Rb5 Kd6 43. Ra4 f6 44. Ra1 Ra7 45. Ra4 Ra6 {Precision: Weiß = 41%, Schwarz = 49%.} ({Lieber} 45... Kc7 $17 46. Ra1 Rb7 47. Rxb7+ Kxb7) 1/2-1/2

[Event "XVIII Najdorf Open 2018"]
[Site "Warsaw"]
[Date "2018.07.15"]
[Round "8"]
[White "Sieciechowicz, Marcin"]
[Black "Krstulovic, Alex"]
[Result "1-0"]
[WhiteElo "2410"]
[BlackElo "2305"]
[Annotator "TA"]
[PlyCount "97"]
[EventDate "2018.07.08"]
[EventCountry "POL"]
[SourceTitle "playchess.com"]
[Source "ChessBase"]
[SourceQuality "1"]

{[%evp 30,97,36,29,29,32,32,31,32,29,31,29,20,-3,0,0,0,-85,22,0,33,32,306,81,99,98,89,96,202,200,181,175,159,177,204,210,229,218,218,224,277,269,268,199,185,182,392,389,381,370,328,326,583,541,510,483,585,515,608,590,822,707,772,745,985,978,1301,984,1399,1191]} 1. d4 d5 2. c4 c6 3. Nf3 Nf6 4. Nc3 dxc4 5. a4 Bf5 6. Ne5 Nbd7 7. Nxc4 Qc7 8. g3 e5 9. dxe5 Nxe5 10. Bf4 Nfd7 11. Bg2 g5 {D17: Slav Defence: 5 a4 Bf5: Lines with 6 Nh4 and 6 Ne5} 12. Ne3 (12. Nxe5 gxf4 13. Nxd7 O-O-O 14. Qd4 Qxd7 15. Qxf4 Bd6 16. Qc1 Be5 17. O-O Qd2 18. Rd1 Qxc1 19. Raxc1 Rxd1+ 20. Nxd1 {1-0 (48) Yu,Y (2751)-Mamedov,R (2709) Huaian 2017}) 12... gxf4 13. Nxf5 O-O-O 14. Qc2 Nc5 15. O-O fxg3 16. hxg3 {LiveBook: 107 Games} a5 17. Rad1 h5 18. Ne4 Nxe4 19. Qxe4 Bc5 $146 20. Rc1 Bb4 21. Nd4 Kb8 22. e3 Rde8 23. Qf5 (23. Qh4 $11) 23... Qd7 (23... h4 $17 {Hoping for ...hxg3.} 24. gxh4 Rxh4) 24. Qf4 {Black must now prevent Bxc6!} Bd6 25. Rfd1 $36 {[%mdl 2048] Nf5 is the strong threat. White has some pressure.} Nd3 $2 {[%mdl 8192] [#]} ({Better is} 25... Rd8 $1 $14) 26. Rxd3 $2 (26. Nxc6+ $1 $18 {[%mdl 512] and the rest is easy.} Qxc6 (26... bxc6 27. Rxd3) 27. Qxf7 (27. Bxc6 Bxf4 28. Rxd3 Bxe3 $16)) 26... Bxf4 $16 {[#]} 27. Nxc6+ $1 {[%mdl 512] [#]} Qxc6 $1 (27... bxc6 28. Rxd7) 28. Bxc6 (28. Rxc6 bxc6) 28... bxc6 (28... Bxe3 $16 {was worth a try.} 29. fxe3 (29. Rxe3 Rxe3 30. fxe3 Rc8 $16) (29. Bxe8 Bxc1 30. Bxf7 Bxb2 $14) 29... bxc6) 29. gxf4 $18 {[%mdl 4096] Endgame KRR-KRR} Kc7 30. Kg2 Reg8+ 31. Kh3 Rg6 32. Rcd1 Rh7 33. Rd7+ Kb6 34. R7d6 Rhh6 35. Rxg6 Rxg6 {KR-KR} 36. Kh4 Rg2 37. Rd2 ({Resist} 37. Kxh5 $6 Rxf2 38. Rd8 Re2 $16) 37... Rh2+ $2 (37... f5 {might work better.} 38. Kxh5 Kc5 39. Rc2+ Kd5) 38. Kg5 h4 39. e4 Rh1 40. e5 Kc5 $2 (40... h3 41. Kg4 h2) 41. Kg4 {White is clearly winning.} h3 42. Kg3 h2 43. f3 Ra1 44. Rxh2 Rxa4 45. f5 {[%cal Bf4f5,Bf5e6][%mdl 32]} Rb4 46. Rd2 a4 47. e6 fxe6 48. fxe6 Rb8 49. f4 {Precision: White = 76%, Black = 27%.} 1-0

[Event "XVIII Najdorf Open 2018"]
[Site "Warsaw"]
[Date "2018.07.15"]
[Round "8"]
[White "Rakesh, Kumar Jena"]
[Black "Dubinski, Mateusz"]
[Result "1/2-1/2"]
[WhiteElo "2385"]
[BlackElo "2245"]
[Annotator "TA"]
[PlyCount "51"]
[EventDate "2018.07.08"]
[EventCountry "POL"]
[SourceTitle "playchess.com"]
[Source "ChessBase"]
[SourceQuality "1"]

{[%evp 15,51,30,20,0,18,7,21,21,16,8,47,47,52,54,50,45,49,41,36,12,28,12,65,60,73,74,77,39,69,74,69,4,6,8,12,0,0,0]} 1. Nf3 d5 2. d4 Nf6 3. Bf4 c5 4. e3 {[%cal Be2e3,Be3e4][%mdl 32]} Nc6 5. Nbd2 Bg4 (5... cxd4 6. exd4 Bf5 7. c3 e6 8. Qb3 Bd6 9. Bg3 Bxg3 10. hxg3 Qd6 11. Qxb7 Rb8 12. Qa6 O-O {0-1 (36) Caruana,F (2816)-Grischuk,A (2766) Paris 2018}) 6. c3 {D02: 1 d4 d5 2 Nf3 sidelines, including 2...Nf6 3 g3 and 2...Nf6 3 Bf4} Qb6 7. Qb3 c4 8. Qc2 e6 {LiveBook: 11 Games} 9. e4 $146 ({Predecessor:} 9. b3 Bf5 10. Qc1 cxb3 11. axb3 Be7 12. h3 O-O {½-½ (21) Ashwin,J (2490)-Naroditsky,D (2646) chess.com INT 2017}) 9... h6 10. Be3 Bh5 11. Ne5 Qc7 12. f4 Nxe5 13. fxe5 Nxe4 14. Nxe4 dxe4 15. Qa4+ Qc6 16. Qxc4 Be7 17. Be2 Bxe2 18. Qxe2 O-O ({Better is} 18... O-O-O $11) 19. O-O f6 20. exf6 Bxf6 21. Bf4 Rae8 22. Rad1 b5 23. Rfe1 (23. g3 $14) 23... Bxd4+ $1 $11 {The position is equal.} 24. Rxd4 Rxf4 25. Rxe4 Qb6+ 26. Re3 {Precision: White = 41%, Black = 67%.} 1/2-1/2

[Event "XVIII Najdorf Open 2018"]
[Site "Warsaw"]
[Date "2018.07.15"]
[Round "8"]
[White "Molenda, Marcin"]
[Black "Baum, Jonasz"]
[Result "1-0"]
[WhiteElo "2382"]
[BlackElo "2272"]
[Annotator "TA"]
[PlyCount "119"]
[EventDate "2018.07.08"]
[EventCountry "POL"]
[SourceTitle "playchess.com"]
[Source "ChessBase"]
[SourceQuality "1"]

{[%evp 20,119,30,14,34,22,27,27,24,0,0,-29,0,-15,-4,-46,45,-61,0,0,0,-22,-20,-15,-13,-35,-30,-26,0,0,0,0,0,0,51,0,0,0,0,0,71,64,68,66,70,55,93,92,100,75,94,94,102,109,108,99,422,402,491,490,487,475,468,462,494,466,663,727,1437,1510,1437,1035,6091,2435,29975,29975,29979,29980,29980,29981,29983,29983,29983,29984,29984,29985,29987,29985,29985,29986,29988,29988,29988,29989,29991,29992,29992,29993,29993,29990,29990,29991]} 1. d4 d5 {[%cal Bd7d5,Bd5c4][%mdl 32]} 2. c4 e6 3. Nf3 {[%cal Bg1f3,Bf3e5,Be5c4][%mdl 32]} Nf6 4. g3 dxc4 5. Bg2 Bb4+ 6. Bd2 c5 {E04: Open Catalan: 5 Nf3} (6... a5 7. O-O O-O 8. Bg5 h6 9. Bxf6 Qxf6 10. a3 Bd6 11. Nc3 Nc6 12. Rc1 e5 13. d5 Nd4 14. Nxd4 exd4 15. Ne4 {0-1 (66) Ding,L (2777)-Wang,H (2709) Huaian 2017}) 7. Bxb4 cxb4 8. Ne5 O-O 9. Nxc4 Nc6 10. e3 e5 11. d5 {LiveBook: 19 Games} b5 12. dxc6 Qxd1+ 13. Kxd1 bxc4 14. a3 Bg4+ 15. Kc1 a5 16. Nd2 Be6 $1 17. h3 $146 ({Predecessor:} 17. Rd1) 17... Rac8 (17... b3 $15) 18. Rd1 (18. axb4 $14 axb4 19. Ra5) 18... c3 (18... b3 $1 $15) 19. bxc3 $11 bxc3 20. Ne4 Nxe4 21. Bxe4 f5 ({But not} 21... Bxh3 $6 22. Rh1 $16) 22. Bd5 Bxd5 23. Rxd5 Rxc6 24. Rxe5 $15 {[%mdl 4096] Endgame KRR-KRR} Rd8 {[#] Hoping for ...c2.} 25. Ra2 Rcd6 $1 {[%cal Rd6d1]} 26. Re2 Rd1+ $1 27. Kc2 Ra1 28. Kxc3 Rxa3+ 29. Kb2 Ra4 (29... Rdd3 $11 {keeps the balance.}) 30. Rxf5 $16 Rb8+ 31. Kc3 Ra3+ 32. Kd4 Rb4+ 33. Ke5 Rc3 {[#] And now ...Rc5+ would win.} 34. e4 a4 35. Kf4 a3 36. Ra5 Kf7 37. Re3 g5+ $2 {[%mdl 8192]} (37... Rxe3 $16 38. Kxe3 Rb3+ 39. Kd4 Ke6 40. Ra6+ Ke7) 38. Kf5 $18 Rxe3 39. fxe3 {KR-KR} Rb3 40. Ra7+ Ke8 41. Kxg5 Rxe3 42. Kf4 Rb3 (42... Re1 $142 43. Rxa3 Kf7) 43. Rxh7 a2 44. Ra7 Rb2 45. h4 {[%cal Bh3h4,Bh4h5][%mdl 32]} Kf8 46. h5 Kg8 47. g4 {[%cal Bg3g4,Bg4g5][%mdl 32] White mates.} Kf8 48. g5 Rf2+ 49. Ke5 Rg2 50. Kf6 {[%cal Ra7a8]} Rf2+ 51. Kg6 Re2 52. h6 Rxe4 53. Rxa2 Re6+ 54. Kf5 Re8 55. Kf6 Rb8 56. Ra6 Kg8 57. g6 Kh8 58. Rd6 Re8 59. Kf7 Rg8 60. Ke7 {Precision: White = 66%, Black = 38%.} 1-0

[Event "XVIII Najdorf Open 2018"]
[Site "Warsaw"]
[Date "2018.07.15"]
[Round "8"]
[White "Nurkiewicz, Maciej"]
[Black "Zochowski, Kacper"]
[Result "1/2-1/2"]
[WhiteElo "2368"]
[BlackElo "2250"]
[Annotator "TA"]
[PlyCount "62"]
[EventDate "2018.07.08"]
[EventCountry "POL"]
[SourceTitle "playchess.com"]
[Source "ChessBase"]
[SourceQuality "1"]

{[%evp 19,62,39,45,41,71,22,29,30,72,56,87,6,20,0,43,0,0,0,0,-91,-86,-72,-88,-76,-81,-120,-75,-82,-65,-103,-52,-62,-54,-109,-9,-12,-13,-10,0,-80,-105,-116,0,-120,0]} 1. e4 d6 2. d4 Nf6 3. Nc3 e5 4. Nf3 Nbd7 5. Bc4 Be7 6. O-O O-O 7. Re1 a6 8. a4 b6 {C41: Philidor Defence} 9. b3 (9. h3 Bb7 10. d5 Ne8 11. b4 Bc8 12. a5 b5 13. Bd3 g6 14. Ne2 Ng7 15. c4 bxc4 16. Bxc4 {½-½ (34) Anand,V (2779)-Jobava,B (2702) Doha 2016}) 9... Bb7 10. d5 Ne8 {LiveBook: 3 Games. White is slightly better.} 11. h3 $146 ({Predecessor:} 11. Na2 a5 12. Bb5 g6 13. Bh6 Ng7 14. Qd2 f5 15. exf5 gxf5 16. b4 {1-0 (43) Howell,D (2614)-Pancevski,F (2470) Plovdiv 2012}) 11... g6 12. g4 Ng7 13. Kh2 a5 14. Rg1 Kh8 15. Ne2 (15. Bh6 $16) 15... Nc5 $11 16. Ng3 Bh4 17. Nxh4 Qxh4 18. Qf3 Bc8 {[%cal Bb7c8,Bc8f5,Bf5g6][%mdl 32]} 19. Bf1 (19. Be2 $11) 19... f5 $17 20. gxf5 gxf5 21. exf5 Bxf5 22. Qe2 Bg6 {Strongly threatening ...Qd4.} 23. Be3 Rf7 24. Rc1 Raf8 (24... Nh5 $17 25. Qc4 Qxc4 26. Bxc4 Nxg3 27. Rxg3 Raf8) 25. Qg4 $1 $15 {[%cal Rg4h4]} Qe7 26. Rg2 {[#]} (26. Bg2 $15) 26... Nf5 ({Better is} 26... Rf4 $1 $17 {[%mdl 512]} 27. Bxf4 exf4) 27. Bg5 $1 $11 {[%cal Rg5e7]} Qd7 $36 {[%mdl 2048] White must now prevent ...Nxg3. Black is pushing.} 28. Bb5 Qc8 {aiming for ...Nd4.} 29. Ne2 (29. Nxf5 $1 $11 {keeps the balance.} Qxf5 30. Qxf5 Rxf5 31. Bh6) 29... Ne7 {...Qxg4 is the strong threat.} 30. Qh4 Nf5 31. Qg4 $1 {[#]} Ne7 {Precision: White = 50%, Black = 36%.} (31... Ne4 $1 $17 {[%mdl 512]} 32. Bd3 (32. Qxe4 Nd4 $19) 32... Nxg5 33. Qxg5 Rg8) 1/2-1/2

[Event "XVIII Najdorf Open 2018"]
[Site "Warsaw"]
[Date "2018.07.15"]
[Round "8"]
[White "Lewicki, Miroslaw"]
[Black "Mahalakshmi, M."]
[Result "1-0"]
[WhiteElo "2361"]
[BlackElo "2238"]
[Annotator "TA"]
[PlyCount "85"]
[EventDate "2018.07.08"]
[EventCountry "POL"]
[SourceTitle "playchess.com"]
[Source "ChessBase"]
[SourceQuality "1"]

{[%evp 21,85,37,43,32,31,21,40,31,36,33,35,42,48,41,30,22,31,39,73,49,54,22,14,13,73,52,66,23,20,14,58,0,87,81,89,82,204,178,183,206,473,396,463,431,385,190,839,817,1025,1016,2406,2275,29953,29950,6212,6187,6061,6061,4894,1786,29977,29978,29978,29979,29992,29993]} 1. e4 e6 2. d4 d5 3. Nd2 Nc6 4. Ngf3 Nf6 5. e5 Nd7 6. Bd3 Nb4 7. Be2 c5 8. c3 Nc6 9. O-O a5 {C04: Französische Verteidigung (Tarrasch-Variante)} 10. Re1 (10. a4 Be7 11. Nb1 O-O 12. Na3 cxd4 13. cxd4 f6 14. exf6 Nxf6 15. Nb5 Bd7 16. Re1 Ne4 17. Bd3 {1-0 (25) Nisipeanu,L (2687)-Richter,M (2505) Germany 2016}) 10... Qb6 11. Nb1 {[%cal Bd2b1,Bb1a3,Ba3b5][%mdl 32]} Be7 {LiveBook: 3 Partien. Weiß steht etwas besser.} 12. a4 O-O 13. Na3 cxd4 14. cxd4 Bb4 $146 ({Vorgänger:} 14... Nb4 15. Nb5 Qd8 16. Bf4 Nb6 17. b3 {½-½ (27) Roganovic,M (2481)-Drasko,M (2441) Belgrade 2017}) 15. Rf1 f6 16. exf6 Nxf6 17. Nb5 Bd7 18. Bf4 Qd8 19. Rc1 Na7 20. Bc7 Qe7 21. Ne5 Nxb5 22. axb5 Bd6 (22... Rac8 $11 {bleibt in der Remisbreite.}) 23. Qb3 Rfc8 24. b6 Be8 25. Qh3 Bf7 {[%cal Rd6c7]} 26. Bg4 (26. Rc3 $14) 26... Bxe5 (26... Bxc7 $11 27. bxc7 (27. Rxc7 Rxc7 28. bxc7 Nxg4 $11) 27... Nxg4 28. Nxg4 (28. Qxg4 Rxc7 29. Rxc7 Qxc7 $11) 28... h5) 27. Bxe5 $16 Ne8 28. Rfe1 $36 {[%mdl 2048] Schwarz muss aufpassen.} Nd6 (28... Qd7 $16) 29. Qa3 Rxc1 30. Rxc1 Qg5 $2 (30... Nc8) 31. f4 $18 Qxg4 32. Qxd6 ({Weniger gut wäre} 32. Bxd6 Qe2 $18) 32... Qe2 {[#] Und weiter mit ...De3+ wäre nett.} 33. Qa3 (33. Qc7 $142) 33... Bg6 $2 (33... Qd2 34. Qc3 Qe2) 34. h3 Be4 35. Qg3 {[%csl Ge5][%cal Rg3g7]} g6 36. Rc7 {[#] Weiss droht Tg7+ und Matt.} Qxb2 37. Rg7+ Kf8 38. Qg5 {[%csl Gg7][%cal Rg5e7]} Qxg2+ 39. Qxg2 Bxg2 40. Rxb7 Bxh3 41. Ra7 {Weiß setzt Matt.} Rc8 42. b7 {[%cal Rb7c8]} Re8 43. Ra8 {Precision: Weiß = 51%, Schwarz = 24%.} 1-0

[Event "XVIII Najdorf Open 2018"]
[Site "Warsaw"]
[Date "2018.07.15"]
[Round "8"]
[White "Niekras, Dawid"]
[Black "Sliwicki, Damian"]
[Result "1/2-1/2"]
[WhiteElo "2351"]
[BlackElo "2193"]
[Annotator "TA"]
[PlyCount "44"]
[EventDate "2018.07.08"]
[EventCountry "POL"]
[SourceTitle "playchess.com"]
[Source "ChessBase"]
[SourceQuality "1"]

{[%evp 32,34,24,-7,-7]} 1. e4 e5 2. Nf3 Nc6 3. Bb5 a6 4. Ba4 Nf6 5. O-O Be7 6. Re1 b5 7. Bb3 O-O 8. c3 d6 9. h3 Na5 10. Bc2 c5 11. d4 Nd7 12. Nbd2 exd4 13. cxd4 Nc6 14. d5 Nce5 15. Nxe5 {C96: Closed Ruy Lopez: Chigorin Defence: 11 d4, replies other than 11...Qc7} Nxe5 16. f4 Ng6 17. Nf3 {LiveBook: 92 Games} Bh4 {[#]} {Predecessor:} 18. Rf1 $146 Bg3 19. f5 Ne5 20. Ng5 Qf6 21. Qh5 h6 22. Nf3 a5 {½-½ (35) Vachier Lagrave,M (2788)-Howell,D (2693) England 2016} 1/2-1/2

[Event "XVIII Najdorf Open 2018"]
[Site "Warsaw"]
[Date "2018.07.15"]
[Round "8"]
[White "Havelka, Josef"]
[Black "Dzierzak, Radoslaw"]
[Result "1/2-1/2"]
[WhiteElo "2349"]
[BlackElo "2244"]
[Annotator "TA"]
[PlyCount "106"]
[EventDate "2018.07.08"]
[EventCountry "POL"]
[SourceTitle "playchess.com"]
[Source "ChessBase"]
[SourceQuality "1"]

{[%evp 12,106,52,23,56,48,54,61,66,56,45,-61,-49,-54,-46,-43,-49,-52,-42,-76,-83,-74,-63,-138,-143,-216,-129,-194,-179,-158,-156,-177,-195,-187,-193,-175,-156,-155,-160,-154,-151,-151,-149,-148,-90,-121,-96,-89,-89,-90,-90,-90,-88,-169,-160,-152,-152,-160,-160,-152,-88,-88,-88,-88,-8,-8,-8,-9,-12,-127,-118,-126,-112,-158,-152,-184,-130,-635,-672,-574,0,0,0,0,0,0,0,0,0,0,0,0,0,0,0,0,0]} 1. e4 c6 2. d4 d5 3. e5 c5 4. dxc5 Nc6 5. f4 (5. a3 Nxe5 6. b4 Nf6 7. Bb2 Nc6 8. Nf3 g6 9. Nc3 d4 10. Nb5 e5 11. Qe2 Bg4 12. O-O-O Bh6+ {1-0 (48) Nepomniachtchi,I (2751)-Navara,D (2737) Saint Louis 2017}) 5... e6 6. Be3 {B12: Caro-Kann: Advance Variation} Nh6 7. c3 {LiveBook: 10 Games} Be7 8. Bd3 {White is slightly better.} O-O 9. Nf3 Ng4 $146 ({Predecessor:} 9... f6 10. exf6 Bxf6 11. Qc2 g6 12. Nbd2 Ng4 {½-½ (46) Tkachuk,S (2157)-Gruettemeier,U (2060) Germany 2014}) 10. Bd4 f6 11. h3 ({Better is} 11. Nbd2 $14) 11... Ngxe5 $1 $15 12. fxe5 fxe5 13. Bf2 e4 14. Bxe4 $1 dxe4 15. Qxd8 Rxd8 16. Nfd2 Ne5 17. Nxe4 (17. O-O $15) 17... Nd3+ $17 18. Ke2 (18. Kf1 $17) 18... b6 $36 {[%mdl 2048] White is under strong pressure.} (18... Nxb2 19. Nbd2) (18... Nf4+ $19 19. Kf3 Nd3) 19. b3 (19. Nbd2 $17) 19... Bb7 (19... Nxc5 20. Nxc5 bxc5 21. Nd2 $15) (19... bxc5 20. Nbd2) 20. Nbd2 Nf4+ (20... Nxc5 21. Nxc5 bxc5 22. Nf3 $15) 21. Kf1 {[#]} Rxd2 $1 {[%mdl 512]} 22. Nxd2 Bxg2+ 23. Kg1 Bxh1 ({Stronger than} 23... Bxc5 24. Bxc5 bxc5 25. Rh2 $14) ({Weaker is} 23... bxc5 24. Rh2 $14) 24. Kxh1 Nxh3 25. Be3 Bxc5 ({Don't do} 25... bxc5 26. Ne4 $17) 26. Bxc5 bxc5 {[%mdl 4096] Endgame KRN-KRN} 27. Ne4 Rc8 (27... Rd8 $142 $1 28. Kg2 Nf4+ 29. Kf3 e5 30. Nxc5 Kf7) 28. Rf1 h6 {[%cal Bh7h6,Bh6g5][%mdl 32]} 29. Rf3 Ng5 30. Nxg5 hxg5 {KR-KR} 31. Rg3 Rd8 32. c4 (32. Rxg5 $17 {might work better.} Rd2 33. Rxc5) 32... Rd1+ $19 33. Kh2 Rd2+ 34. Kh3 Rxa2 35. Rxg5 Ra3 (35... Ra5 $142 $1 36. Kh4 Kf7) 36. Rxc5 $17 Rxb3+ 37. Kg4 Kh7 ({Black should play} 37... Rb7 $17 {aiming for ...Kf7.} 38. Kf4 Rf7+ 39. Ke4 Kf8) 38. Kf4 $1 $11 Kg6 39. Ke5 $1 Re3+ 40. Kd6 (40. Kd4 $11 Re1 41. Ra5) 40... Kf6 $17 41. Rc8 Rd3+ 42. Kc6 {[#]} g5 $1 {[%cal Bg7g5,Bg5g4,Bg4g3][%mdl 32]} 43. c5 {[%cal Bc4c5,Bc5c6,Bc6c7][%mdl 32]} g4 44. Kb7 $2 {[%mdl 8192]} (44. Kc7 $17) 44... g3 $19 {And now ...g2 would win.} 45. Rf8+ {[#]} Ke5 $2 (45... Ke7 $1 $19 {[%cal Re7f8]} 46. Rg8 Rb3+ 47. Kc7 a5) 46. c6 $1 $11 {The position is equal.} Rb3+ 47. Kc8 $1 g2 48. Rg8 Kd6 49. c7 $1 Rc3 50. Rd8+ $1 Ke5 51. Rg8 Kd6 52. Rd8+ $1 Ke5 53. Rg8 Kd6 {Precision: White = 50%, Black = 74%.} 1/2-1/2

[Event "XVIII Najdorf Open 2018"]
[Site "Warsaw"]
[Date "2018.07.15"]
[Round "8"]
[White "Baskin, Robert"]
[Black "Kowalczyk, Rafal"]
[Result "1-0"]
[WhiteElo "2339"]
[BlackElo "2209"]
[Annotator "TA"]
[PlyCount "93"]
[EventDate "2018.07.08"]
[EventCountry "POL"]
[SourceTitle "playchess.com"]
[Source "ChessBase"]
[SourceQuality "1"]

{[%evp 18,93,26,35,20,9,25,21,52,43,45,-26,0,-7,10,6,12,12,46,38,45,48,145,39,38,54,47,4,18,21,22,0,0,0,0,0,0,0,24,0,0,-16,-17,-17,-17,-17,-16,-15,-16,-23,-20,-57,-11,-40,0,0,179,156,166,154,85,-54,403,406,12813,12814,29991,29992,29992,944,5289,5289,29993,29993,29993,29994,29996,29996]} 1. Nf3 Nf6 2. g3 e6 3. Bg2 d5 4. O-O Be7 5. c4 O-O 6. d4 dxc4 7. Qc2 b5 {[%cal Bb7b5,Bb5b4][%mdl 32]} 8. a4 {E05: Open Catalan: 5 Nf3 Be7} b4 9. Nfd2 (9. Qxc4 Ba6 10. Qc2 Nbd7 11. Ne5 Nxe5 12. dxe5 Nd5 13. Rd1 Qc8 14. Be4 h6 15. Bh7+ Kh8 {0-1 (44) Mamedyarov,S (2808)-Nakamura,H (2769) Leuven 2018}) 9... Nd5 10. Nxc4 {LiveBook: 11 Games. White has an edge.} c5 11. dxc5 Bxc5 12. Ne3 $146 ({Predecessor:} 12. Nbd2 Nd7 13. e4 N5b6 14. e5 Nd5 15. Ne4 Be7 {1-0 (51) Melkumyan,H (2580)-Can,E (2487) Sarajevo 2011}) 12... Na6 13. Nxd5 exd5 14. b3 ({White should play} 14. Nd2 $14) 14... Be6 15. Bb2 Rc8 {Strongly threatening ...Bxf2+!} 16. Qd3 Qa5 17. Nd2 {[%cal Bb1d2,Bd2f3,Bf3d4][%mdl 32]} Rfd8 18. Nf3 {Ng5 is the strong threat.} Be7 $1 19. Nd4 Bf6 (19... Nc5 $14 20. Qe3 Bf6) 20. Rac1 (20. Nxe6 $16 fxe6 21. Bxf6 gxf6 22. Qd4) 20... Nc5 {[%cal Ba6c5,Bc5e4,Be4c3][%mdl 32]} 21. Qe3 Re8 22. Qf4 Qd8 23. Qf3 Qb6 24. Rfd1 Ne4 25. Nxe6 Rxc1 ({Of course not} 25... Bxb2 $6 26. Rxc8 Rxc8 27. Nf4 $16) 26. Bxc1 fxe6 27. Be3 Qa6 28. Qg4 Nc3 $36 {[%mdl 2048] Black has some pressure.} 29. Rd3 d4 30. Bd2 e5 31. Be4 Qe6 32. Qf3 Rd8 ({Don't blunder} 32... Qxb3 $2 33. Bxc3 Qb1+ 34. Kg2 $18) 33. Kg2 g6 34. h4 Be7 35. Bh6 Qxb3 {White must now prevent ...Qe6.} 36. Qg4 $1 Rd6 $2 (36... Kh8 $11 {and Black is okay.} 37. h5 Qg8) 37. Qc8+ $1 $18 Rd8 38. Qc6 {aiming for Rf3.} Qa2 ({Better is} 38... Kh8) 39. Rxc3 ({Only move:} 39. Rf3 $1 $16 Kh8 40. Bd3) 39... dxc3 $4 {[%mdl 8192] [#]} (39... bxc3 $15 {stays ahead.} 40. Qa6 Qf7 41. Qxa7 Bf8) 40. Bd3 $1 {[%cal Rd3c4] White wants to mate with Bc4+.} Kh8 {[#]} (40... Qd5+ $142 41. Qxd5+ Rxd5) 41. Bc4 $1 Qd2 42. Bxd2 cxd2 43. Bb3 (43. Qe6 $142 Rf8 44. Qxe7 Rf5 45. g4 d1=Q 46. gxf5 Qd6 47. Qxd6 Kg7 48. Qxe5+ Kh6 49. f6 g5 50. Qxg5#) 43... Kg7 44. Qe6 Bd6 45. Qf7+ {White mates.} Kh6 46. g4 e4 47. Kh3 {Precision: White = 59%, Black = 39%.} 1-0